Berlin Conference countries - Statistics

General Stats
  • This quiz has been taken 41 times
  • The average score is 12 of 14
Answer Stats
Hint Answer % Correct
. France
100%
. Germany
100%
. Italy
100%
. Portugal
100%
. Spain
100%
. UK
100%
(not) Austria-Hungary
97%
(not) Russia
94%
. Belgium
91%
(not) Netherlands
86%
(not) Ottoman Empire
86%
(not) Denmark
83%
(not) USA
80%
(not) Sweden-Norway
26%
No matching quizzes found
Score Distribution
Percent of People with Each Score
Percentile by Number Answered
Your Score History
You have not taken this quiz